Elenca la formazione - Quiz n°163 - Statistics

Statistiche generali
  • Questo quiz è stato fatto 45 volte
  • Il punteggio medio è 10 su 11
Statistiche sulle risposte
Ruolo Nazione Calciatore % Corretto
Difensore Senegal Kalidou Koulibaly
100%
Centrocampista Brasile / Italia Jorginho
98%
Attaccante Spagna José María Callejón
98%
Attaccante Italia Lorenzo Insigne
98%
Centrocampista Slovacchia Marek Hamšík
98%
Attaccante Argentina Gonzalo Higuaín
95%
Portiere Spagna Pepe Reina
93%
Centrocampista Brasile Allan
91%
Difensore Spagna Raúl Albiol
91%
Difensore Albania Elseid Hysaj
88%
Difensore Algeria Faouzi Ghoulam
81%
Nessun quiz corrispondente trovato
Distribuzione punteggi
Percentuale di utenti per punteggio
Percentile per numero di risposta
I tuoi punteggi nel tempo
Non hai fatto questo quiz